[Event "Gipuzkoa-ch"]
[Site "Azpeitia"]
[Date "2017.10.21"]
[Round "2"]
[White "Lauroba Elizaran, Fermin"]
[Black "Navarro Navarro, Juan Manuel"]
[Result "1-0"]
[WhiteElo "1886"]
[BlackElo "1741"]
[PlyCount "87"]
[EventDate "2017.10.14"]
[EventType "swiss"]
[EventRounds "7"]
[EventCountry "ESP"]
[SourceTitle "EXT 2019"]
[Source "ChessBase"]
[SourceDate "2018.10.10"]
[SourceVersion "1"]
[SourceVersionDate "2018.10.10"]
[SourceQuality "1"]

1. e4 c5 2. Nc3 Nc6 3. f4 d6 4. Nf3 g6 5. g3 Bg7 6. Bg2 e6 7. d3 Nge7 8. Be3 0-0 9. 0-0 Rb8 10. a4 Qb6 11. Rb1 Qd8 12. Ne2 a6 13. c3 b5 14. d4 cxd4 15. Nfxd4 Na5 16. axb5 axb5 17. b3 e5 18. Nf3 f5 19. fxe5 fxe4 20. Ng5 d5 21. Bc5 Rxf1+ 22. Qxf1 Nf5 23. Nxe4 dxe4 24. Bxe4 Bxe5 25. Ba7 Bb7 26. Bxb8 Bxe4 27. Bxe5 Qb6+ 28. Bd4 Nxd4 29. Nxd4 Bxb1 30. Qxb1 b4 31. Qe4 Qd8 32. cxb4 Nxb3 33. Qe6+ Kh8 34. Nxb3 Qd1+ 35. Kf2 Qc2+ 36. Kf3 Qc3+ 37. Kf4 Qxb4+ 38. Ke5 Qb5+ 39. Qd5 Qe2+ 40. Kf6 Qf2+ 41. Ke6 Qb6+ 42. Ke7 Qe3+ 43. Kf8 Qf2+ 44. Qf7 1-0